Big Numbers - Statistics

General Stats
  • This quiz has been taken 28 times
  • The average score is 20 of 28
Answer Stats
Hint Answer % Correct
1 One
100%
1,000,000,000 Billion
95%
100 Hundred
95%
1,000,000 Million
95%
1,000,000,000,000,000 Quadrillion
95%
10 Ten
95%
1,000,000,000,000 Trillion
95%
1000 Thousand
91%
1,000,000,000,000,000,000 ,000,000 Octillion
86%
1,000,000,000,000,000,000,000 Sextillion
86%
1,000,000,000,000,000,000 Quintillion
82%
1,000,000,000,000,000,000 ,000,000,000,000 Decillion
77%
10 to the power of 100 googol
77%
1,000,000,000,000,000,000 ,000,000 Septillion
77%
1,000,000,000,000,000,000 ,000,000,000 Nonillion
73%
10 to the power of "ten to the power of 100"(10 to the power of googol) Googolplex
64%
Infinity
64%
1,000,000,000,000,000,000 ,000,000,000,000,000 Undecillion
64%
1,000,000,000,000,000,000 ,000,000,000,000,000,000 Duodecillion
59%
1,000,000,000,000,000,000
,000,000,000,000,000,000
,000,000,000
Quindecillion
59%
1,000,000,000,000,000,000 ,000,000,000,000,000,000 ,000 Tredecillion
59%
1,000,000,000,000,000,000 ,000,000,000,000,000,000 ,000,000,000,000,000,000 Octodecillion
55%
1,000,000,000,000,000,000 ,000,000,000,000,000,000 ,000,000,000,000 Sexdecillion
55%
10 to the power of 63 Vigintillion
50%
1,000,000,000,000,000,000 ,000,000,000,000,000,000 ,000,000,000,000,000 Septdecillion
45%
10 to the power of 303 Centillion
41%
10 to the power of 60 Novemdecillion
41%
1,000,000,000,000,000,000 ,000,000,000,000,000,000 ,000,000 Quattuordecillion
36%
No matching quizzes found
Score Distribution
Percent of People with Each Score
Percentile by Number Answered
Your Score History
You have not taken this quiz